Android hra pre zlepšenie reakčných schopností

Saved in:
Bibliographic Details
Main Author: Mášiková, Andrea (Author)
Other Authors: Marček, Stanislav (Thesis advisor)
Format: Manuscript Book
Language:Slovak
Published: 2019
Subjects:
Online Access:http://is.stuba.sk/zp/portal_zp.pl?podrobnosti=144447
Tags: Add Tag
No Tags, Be the first to tag this record!

MARC

LEADER 00000ntm a22000003a 4500
001 stuzp72914
003 SK-STU
005 20190823093642.5
007 ta
008 150427s2015----xo-----f-mn---000-0-slo-d
040 |a STU  |b slo 
041 0 |a slo 
044 |a xo 
100 1 |a Mášiková, Andrea  |u 035000  |k Z4  |4 aut  |U FEI Fakulta elektrotechniky a informatiky  |T FEI Ústav informatiky a matematiky  |X 74750  |U E050  |Y 816  |7 74750 
242 0 1 |a Android game to improve the reaction skills  |y eng 
245 1 0 |a Android hra pre zlepšenie reakčných schopností 
260 |c 2019 
300 |a 62 s., príl.,  |b CD-ROM 
650 4 |a Android aplikácia  |2 slo 
650 4 |a reakčné schopnosti  |2 slo 
650 4 |a „for fun“  |2 slo 
650 4 |a reaction capabilities  |2 eng 
650 4 |a Android application  |2 eng 
650 4 |a „for fun“  |2 eng 
700 1 |a Marček, Stanislav  |u 035000  |k Z1  |4 ths  |U FEI Fakulta elektrotechniky a informatiky  |T FEI Ústav informatiky a matematiky  |X 27068  |U E050  |Y 816  |7 A000027068 
856 4 |u http://is.stuba.sk/zp/portal_zp.pl?podrobnosti=144447 
996 |b 284EP12315  |c E*DIPL- 12315  |l EE35  |s P  |a 0  |w stuzp72914_0001